| 000 -LEADER |
| fixed length control field |
01634 a2200265 4500 |
| 003 - CONTROL NUMBER IDENTIFIER |
| control field |
Nust |
| 005 - DATE AND TIME OF LATEST TRANSACTION |
| control field |
20220819091932.0 |
| 010 ## - LIBRARY OF CONGRESS CONTROL NUMBER |
| LC control number |
2004058041 |
| 020 ## - INTERNATIONAL STANDARD BOOK NUMBER |
| International Standard Book Number |
0471712221 |
| 040 ## - CATALOGING SOURCE |
| Transcribing agency |
Nust |
| 082 00 - DEWEY DECIMAL CLASSIFICATION NUMBER |
| Classification number |
621.384,MEL |
| 100 1# - MAIN ENTRY--PERSONAL NAME |
| Personal name |
Melbourne, William G., |
| 9 (RLIN) |
98176 |
| 245 10 - TITLE STATEMENT |
| Title |
Radio occultations using earth satellites : |
| Remainder of title |
a wave theory treatment / |
| Statement of responsibility, etc. |
William G. Melbourne. |
| 260 ## - PUBLICATION, DISTRIBUTION, ETC. |
| Place of publication, distribution, etc. |
Hoboken, N.J. : |
| Name of publisher, distributor, etc. |
Wiley-Interscience, |
| Date of publication, distribution, etc. |
c2005. |
| 300 ## - PHYSICAL DESCRIPTION |
| Extent |
xxiv, 647 p. : |
| Other physical details |
ill. ; |
| Dimensions |
25 cm. |
| 440 #0 - SERIES STATEMENT/ADDED ENTRY--TITLE |
| Title |
Deep-space communications and navigation series |
| 9 (RLIN) |
98177 |
| 505 ## - FORMATTED CONTENTS NOTE |
| Formatted contents note |
Radio Occultation Using Earth Satellites Background and Overview (Page-1), Scattering of Electromagnetic Waves From a Spherical Boundary Using a Thin Phase Screen Model and Scalar Diffraction theory (Page-77), Scattering from a Large Transparent Sphere Based on Maxwell’s Equations: Mie Scattering Theory (Page-171), Wave Propagation in a Stratified Medium: The Thin-Film Approach (Page-271), Propagation and Scattering in a Spherical-Stratified Refracting Medium (Page-329), The Inverse problem: Using Spectral Theory to Recover the Atmospheric Refractivity Profile (Page-491). |
| 650 #0 - SUBJECT ADDED ENTRY--TOPICAL TERM |
| Topical term or geographic name entry element |
Atmospheric pressure |
| General subdivision |
Measurement. |
| 9 (RLIN) |
98178 |
| 650 #0 - SUBJECT ADDED ENTRY--TOPICAL TERM |
| Topical term or geographic name entry element |
Telecommunication engineering |
| 650 #0 - SUBJECT ADDED ENTRY--TOPICAL TERM |
| Topical term or geographic name entry element |
Wave-motion, Theory of. |
| 9 (RLIN) |
39877 |
| 856 41 - ELECTRONIC LOCATION AND ACCESS |
| Materials specified |
Contributor biographical information |
| Uniform Resource Identifier |
<a href="http://www.loc.gov/catdir/enhancements/fy0618/2004058041-b.html">http://www.loc.gov/catdir/enhancements/fy0618/2004058041-b.html</a> |
| 856 41 - ELECTRONIC LOCATION AND ACCESS |
| Materials specified |
Publisher description |
| Uniform Resource Identifier |
<a href="http://www.loc.gov/catdir/enhancements/fy0618/2004058041-d.html">http://www.loc.gov/catdir/enhancements/fy0618/2004058041-d.html</a> |
| 856 41 - ELECTRONIC LOCATION AND ACCESS |
| Materials specified |
Table of contents only |
| Uniform Resource Identifier |
<a href="http://www.loc.gov/catdir/toc/wiley051/2004058041.html">http://www.loc.gov/catdir/toc/wiley051/2004058041.html</a> |
| 942 ## - ADDED ENTRY ELEMENTS (KOHA) |
| Koha item type |
Reference |
| Source of classification or shelving scheme |
|